书目信息 |
| 题名: |
清史资料
|
|
| 作者: | ;中国社会科学院历史研究扬 编 | |
| 分册: | 第六辑 | |
| 出版信息: | 北京 中华书局 1985.5 |
|
| 页数: | 213页 | |
| 开本: | 20cm | |
| 丛书名: | ||
| 单 册: | ||
| 中图分类: | K249.6 | |
| 科图分类: | ||
| 主题词: | 中国--历史 | |
| 电子资源: | ||
| ISBN: | ||
| 000 | 00611nam0 2200205 45 | |
| 001 | 0312221749 | |
| 005 | 20040509094648.2 | |
| 010 | @dCNY1.25 | |
| 091 | @a11018.1315 | |
| 100 | @a20031222d1985 km y0chiy0120 ea | |
| 101 | @achi | |
| 105 | @a z 000yy | |
| 200 | 1 | @a清史资料@h第六辑@AQing Shi Zi Liao@f中国社会科学院历史研究扬编@FZhong Guo She Hui Ke XueYuan Li Shi Yan Jiu Yang Bian |
| 210 | @a北京@c中华书局@d1985.5 | |
| 215 | @a213页@d20cm | |
| 606 | 0 | @a中国@x历史 |
| 690 | @aK249.6@v3 | |
| 711 | 02 | @a中国社会科学院历史研究扬@4编 |
| 801 | @aCN@bTSTCL@c20031222 | |
| 905 | @dK249.6@e13:6@f2@b155189-190 | |
| 清史资料.第六辑/中国社会科学院历史研究扬编.-北京:中华书局,1985.5 |
| 213页;20cm |
| ISBN :CNY1.25 |
| ● |
| 相关链接 |
|
|
|
|
正题名:清史资料
索取号:K249.6/13:6
 
预约/预借
| 序号 | 登录号 | 条形码 | 馆藏地/架位号 | 状态 | 备注 |
| 1 | 0155189 | 000469585 | 第二借阅区/ [索取号:K249.6/13:6] | 在馆 | |
| 2 | 0155190 | 000469594 | 密集书库/ [索取号:K249.6/13:6] | 在馆 | |
| 3 | 0155191 | 000469601 | 第二样本阅览室/ [索取号:K249.6/13:6] | 在馆 |